عرض عادي
عرض مارك
- Ontologies (Information retrieval)
مدخل مصطلح موضوعي
001 - رقم الضبط
- حقل الضبط: 113743
003 - معرف رقم الضبط
- حقل الضبط: OSt
005 - تاريخ ووقت أخر عملية
- حقل الضبط: 20221211124449.0
008 - عناصر بيانات ثابتة الطول
- حقل تحكم ثابت الطول: 221211|| aca||aabn | a|a d
040 ## - مصدر الفهرسة
- هيئة الفهرسة الأصلية: OSt
- وكالة الكتابة: OSt
150 ## - مدخل-- مصطلح تاريخي
- عنصر مدخل المصطلح الموضوعي او الاسم الجغرافي: Ontologies (Information retrieval)
670 ## - بيانات المصدر موجوده
- الاستشهاد بالمصدر: Work cat.: (OSt)0: SWDB-ODBIS 2007 (2007 : Vienna, Austria) 113741, Semantic Web, ontologies and databases :
